000 00884nam a22002777a 4500
003 CHAP
005 20220329134546.0
008 971013s1958 r 00010 d
010 _a22205
011 _a23177
035 _a27272
040 _cCHAP
082 _a332.71
_bC64
110 _aColombia. Caja de Crédito Agrario, Industrial y Minero. Departamento de Crédito
_925372
245 _aReglamento de crédito de la Institución
260 _aBogotá :
_b(s.e.),
_c1958
300 _a217 p.
590 _aBATCH-UPD
_b10
_c20130110
_lUCH01
_h2322
590 _aBATCH-UPD
_b10
_c20130410
_lUCH01
_h1612
590 _aBATCH-UPD
_b10
_c20130914
_lUCH01
_h1101
590 _aCONVERSION
_b10
_c20130109
_lUCH01
_h1313
650 1 4 _aCrédito agrícola
_xColombia.
_929045
901 _aBK
942 _cLIBRO
949 _a332.71 C64
_bBC
_cLIBRO
_d33724000330122
_eLIBRO
_h11287
_i27272
_mD
_si
999 _c22205
_d22205